000 00527nam a2200181Ia 4500
005 20250508155607.0
008 008 250505s9999 xx 000 0 eng d
037 _aBooks to be hide in OPAC
040 _aFEDL
_beng
_cFEDL
041 _aeng
_2eng
084 _a378.009 626 2, KHA/O
_qFEDL
245 0 _aVice-chancellor's report for the year 1959 1961
245 0 _cUniversity of Khartoum
300 _a46p
546 _aWeeded out
942 _cHB
_h378.009 626 2, KHA/O
999 _c1358095
_d1358095